000 00445nam a2200145Ia 4500
008 231217s9999 xx 000 0 und d
041 _aEnglish
082 _a658.3 TER;1 R
100 _aTerry, Robert W
245 0 _aSeven zones for leadership : acting authentically in stability and chaos
260 _c2004
_bJaico
_aMumbai
300 _axxiv+448
650 _aSeven,zones,leadership,:,acting,authentically,stability,chaos
942 _cAA
999 _c171199
_d171199